|
|
|
|
| LEADER |
00000nab a2200000 a 4500 |
| 001 |
vtls000681914 |
| 003 |
SK-MaSNL |
| 005 |
20260304090634.0 |
| 008 |
250425c1998 xo 0 slo |
| 015 |
|
|
|a SNBRB1998/12-33521
|
| 035 |
|
|
|a CLN000034081
|
| 035 |
|
|
|a urn:nbn:sk:snk-abd3bm
|
| 035 |
|
|
|a (urnnbn)urn:nbn:sk:snk:ar-002bc7
|
| 035 |
|
|
|a (uuid)ea448802-9e88-4b80-a092-86062535eb01
|
| 040 |
|
|
|a SNKBUCL
|b slo
|c SNKBUCL
|e AACR2
|
| 041 |
0 |
|
|a slo
|
| 044 |
|
|
|a xo
|c SK
|
| 080 |
|
|
|a 244
|2 1997
|
| 080 |
|
|
|a 885.4-1
|2 1997
|
| 080 |
|
|
|a 885.4-97
|2 1997
|
| 100 |
1 |
|
|a Donovalová-Klenková, Viera
|4 aut
|9 1256961
|
| 245 |
1 |
0 |
|a Novina
|c Viera Donovalová-Klenková
|
| 650 |
0 |
7 |
|a meditatívne básne, slovenské
|2 snkbucl
|9 28788
|
| 655 |
|
7 |
|a články z novín a časopisov
|2 snkbucl
|9 267496
|
| 773 |
0 |
|
|t Slovo : časopis gréckokatolíckej cirkvi
|g Roč. 30, č. 24 (1998), s. 3
|
| 850 |
|
|
|a Slovenská národná knižnica
|
| 852 |
|
|
|a Slovenská národná knižnica
|
| 954 |
|
|
|a odborná, vedecká literatúra pôvodná (slovenská)
|2 lita
|
| 958 |
|
|
|a article17
|
| 958 |
|
|
|a OND
|
| 958 |
|
|
|a LX
|
| 958 |
|
|
|a SK
|
| 958 |
|
|
|a EUIPO
|
| 992 |
|
|
|a RBX
|
| 999 |
|
|
|c 2812054
|d 2813984
|